Bipolar LSI data Book (Record no. 61520)

000 -LEADER
fixed length control field 00410nam a22001697a 4500
003 - CONTROL NUMBER IDENTIFIER
control field NUST-PNEC
005 - DATE AND TIME OF LATEST TRANSACTION
control field 20170116180724.0
008 - FIXED-LENGTH DATA ELEMENTS--GENERAL INFORMATION
fixed length control field 141030b xxu||||| |||| 00| 0 eng d
040 ## - CATALOGING SOURCE
Transcribing agency PNEC
082 ## - DEWEY DECIMAL CLASSIFICATION NUMBER
Classification number 621.38195 BIP
100 ## - MAIN ENTRY--PERSONAL NAME
9 (RLIN) 873
Personal name Bipolar
245 ## - TITLE STATEMENT
Title Bipolar LSI data Book
260 ## - PUBLICATION, DISTRIBUTION, ETC.
Place of publication, distribution, etc. Sunnyaie
Name of publisher, distributor, etc. Monolithic Memories
Date of publication, distribution, etc. 1980
300 ## - PHYSICAL DESCRIPTION
Extent various pagings
Dimensions 23 cm.
650 ## - SUBJECT ADDED ENTRY--TOPICAL TERM
General subdivision EL
942 ## - ADDED ENTRY ELEMENTS (KOHA)
Source of classification or shelving scheme
Koha item type Book
Holdings
Withdrawn status Lost status Source of classification or shelving scheme Damaged status Not for loan Permanent Location Current Location Shelving location Date acquired Total Checkouts Full call number Barcode Date last seen Price effective from Koha item type
          Pakistan Navy Engineering College (PNEC) Pakistan Navy Engineering College (PNEC) Reference     621.38195 BIP PNECLIB-009637 10/30/2014   Book
© 2023 Central Library, National University of Sciences and Technology. All Rights Reserved.